| 000 | 00769nam a2200229Ia 4500 | ||
|---|---|---|---|
| 999 |
_c1480 _d1480 |
||
| 007 | ta | ||
| 008 | 190719t2007 xxkadb|g||||||||| ||und|| | ||
| 020 | _a9780707718156 | ||
| 040 |
_aKO _beng |
||
| 041 | 0 | _aeng | |
| 082 | 0 | 4 |
_a623.892953 _bUn314 _223 |
| 110 |
_aGreat Britain. _bHydrographic Office |
||
| 245 | 0 |
_aWest Coast of India Pilot : _bMaldives, Lakshadweep, Sri Lanka, with Palk Bay ; the west coast of India, the coast of Pakistan / _cUnited Kingdom Hydrographic Office |
|
| 250 | _a15th ed. | ||
| 260 |
_aTaunton : _bAdmiralty publications , _c2007. |
||
| 300 |
_a354 p. : _bcol. ill., maps ; _c30 cm. |
||
| 490 |
_aAdmiralty sailing directions; _vNP 38 |
||
| 650 | _aPilot guides | ||
| 904 | _aA_BOSE | ||
| 942 |
_2ddc _cBK |
||